000 01286nam a2200181 a 4500
001 ASIN1842653601
005 20140619020638.0
008 140619s2006 xxu eng d
020 _a1842653601 (hardcover)
_c$59.95
020 _a9781842653609 (hardcover)
100 1 _aCooray, T.M.J.A.
245 1 0 _aComplex analysis with vector calculus /
_cT.M.J.A. Cooray.
250 _a1st ed.
260 _a[S.l.] :
_bAlpha Science Int'l Ltd,
_c2006.
300 _a368 p. ;
_c25 cm.
520 _aBased on many years of experience of the author Complex Analysis with Vector Calculus provides clear and condensed treatment of the subject. It is primarily intended to be used by undergraduate students of engineering and science as a part of a course in engineering mathematics, where they are introduced to complex variable theory, through conceptual development of analysis. The book also introduces vector algebra, step by step, with due emphasis on various operations on vector field and scalar fields. Especially, it introduces proof of vector identities by use of a new approach and includes many examples to clarify the ideas and familiarize students with various techniques of problem solving.
856 4 0 _3Amazon.com
_uhttp://www.amazon.com/exec/obidos/ASIN/1842653601/chopaconline-20
999 _c7217
_d7217